Cena v marketingu vybraté problémy

Gespeichert in:
Bibliographische Detailangaben
1. Verfasser: Lipianska, Júlia
Körperschaft: Ekonomická univerzita v Bratislave. Obchodná fakulta
Format: Buch
Sprache:Slowakisch
Veröffentlicht: Bratislava Vydavateľstvo Ekonóm 2002
Schlagworte:
Tags: Tag hinzufügen
Keine Tags, Fügen Sie das erste Tag hinzu!

MARC

LEADER 00000nam a2200000 4500
001 c130870
005 20221124091829.2
020 |a 80-225-1488-8 
041 0 |a slo 
044 |a SK 
245 1 0 |a Cena v marketingu  |b vybraté problémy  |c Júlia Lipianska 
264 1 |a Bratislava  |b Vydavateľstvo Ekonóm  |c 2002 
300 |a 116 s. 
610 2 0 |a ceny 
610 2 0 |a marketing 
610 2 0 |a marketing mix 
610 2 0 |a tvorba cien 
610 2 0 |a kategórie ekonomické 
610 2 0 |a politika cenová 
610 2 0 |a firmy 
610 2 0 |a modely cenové 
610 2 0 |a dopyt 
610 2 0 |a ponuka 
610 2 0 |a legislatíva 
610 2 0 |a zákony 
610 2 0 |a rentabilita 
100 1 |a Lipianska, Júlia 
710 2 |a Ekonomická univerzita v Bratislave. Obchodná fakulta